SOCIOLOGIA DE LA EDUCACION /

TRADUCCION DE: LA SOCIOLOGIE DE L'EDUCATION

محفوظ في:
التفاصيل البيبلوغرافية
المؤلف الرئيسي: Coster, S. de (autor)
مؤلفون آخرون: Hotyat, F. (autor) (autor)
التنسيق: كتاب
سلاسل:UNIVERSITARIA DE BOLSILLO, PUNTO OMEGA ; 184
الموضوعات:
الوسوم: إضافة وسم
لا توجد وسوم, كن أول من يضع وسما على هذه التسجيلة!

MARC

LEADER 00000nam^a2200000^a^4500
001 000233691
005 20250521000000.0
009 20260310104654.647
020 |a 84-250-0184-6 
035 |a 058003 
037 |a Acervo Xavier Clavigero 
082 |a 370. 19  |b COS 
100 |a Coster, S. de  |e (autor) 
245 1 0 |a SOCIOLOGIA DE LA EDUCACION /  |c S. DE COSTER, F. HOTYAT ; TR. EVELIO SAINZ 
264 |a MADRID :  |b GUADARRAMA,  |c 1975 
300 |a 336 p. 
336 |a texto  |b txt  |2 rdacontenido 
337 |a sin mediación  |b n  |2 rdamedio 
338 |a volumen  |b nc  |2 rdasoporte 
440 |a UNIVERSITARIA DE BOLSILLO, PUNTO OMEGA ;  |v 184 
520 |a TRADUCCION DE: LA SOCIOLOGIE DE L'EDUCATION 
520 |a INCLUYE BIBLIOGRAFIA 
649 |a XX 
650 |a Sociología de la Educación 
700 |a Hotyat, F.  |e (autor) 
910 |a Fondo General 
920 |a Impresos - Libros 
930 |a Colección General 
905 |a 101 
901 |a 058003  |b IT1  |c ACC  |i 058003  |u 20250521 
902 |a https://opac.biblio.iteso.mx/vufind/Record/000233691